| 000 | 00527nam a2200193 a 4500 | ||
|---|---|---|---|
| 001 | 1517 | ||
| 003 | CDMR | ||
| 005 | 20130625122636.0 | ||
| 008 | 130130s1966||||||||||||||||||||||||||||d | ||
| 040 |
_aCDMR _bcat _cCDMR |
||
| 100 | 1 |
_aArmiñan, Jaime de _91147 |
|
| 245 | 1 | 0 |
_aHistorias para televisión _cJaime de Armiñan |
| 260 |
_aMadrid _c1966 _bTVE |
||
| 300 |
_a199 p ; _c19 cm |
||
| 490 | 0 |
_aServicio de Formación de TVE _v5 |
|
| 650 | 0 | 4 |
_aGuions televisius _93143 |
| 650 | 0 | 4 |
_aTelevisió _93122 _xProgrames |
| 942 |
_cMON _2udc |
||
| 999 |
_c1517 _d1517 |
||